Más historias de Franz / (Registro nro. 15119)

Detalles MARC
000 -LIDER
fixed length control field 00915nam a22002777a 4500
001 - NÚMERO DE CONTROL
Identificador de número de control 000561
003 - IDENTIFICACDOR DE NÚMERO DE CONTROL
control field DO-SdBPM
005 - DATE AND TIME OF LATEST TRANSACTION
control field 20250530071925.0
007 - CAMPOS FIJOS DE DESCRIPCIÓN FÍSICA
fixed length control field 000561
008 - ELEMENTOS DE LONGITUD FIJA
fixed length control field 161018b1987 sp |||| 00| 0 spa d
020 ## - ISBN
International Standard Book Number 9580410143
040 ## - FUENTE DE CATALOGACIÓN
Agencia que crea de manera original el registro DO-SdBPM
Idioma de catalogación spa
Agencia que realiza la transcripción BPMSU
082 #4 - NÚMERO DE CLASIFICACIÓN DECIMAL DE DEWEY
Classification number 833.91
Item number N898m 1990
Edition number 22
100 1# - ASIENTO PRINCIPAL -- NOMBRE PERSONAL
Nombre personal Nöstlinger, Christine,
Fechas asociadas con el nombre 1936-
245 10 - MENCIÓN DE TITULO
Título Más historias de Franz /
Mención de responsabilidad Christine Nostlinger ; traducción de Federico Schopf ; ilustraciones de Erhard Dietl.
250 ## - MENCIÓN DE EDICION
Mención de edición
260 ## - PUBLICACIÓN, DISTRIBUCIÓN, ETC. (PIE DE IMPRENTA)
Lugar de publicación, distribución, etc Madrid :
Nombre del editor, distribuidor, etc. Editorial Norma
Fecha de publicación, distribución, etc 1990
300 ## - DESCRIPCIÓN FÍSICA
Extensión 63 p. ;
Dimensiones 20 cm.
490 0# - MENCIÓN DE SERIES
Mención de serie Torre de papel
Volume/sequential designation
500 ## - NOTA GENERAL
Nota general Incluye datos biográficos del autor en la solapa de la contracubierta.
590 ## - NOTA LOCAL
Texto de la nota local Inventariado, 2025/VM
650 #4 - ENCABEZAMIENTO DE MATERIA--TEMÁTICO
Término temático o nombre geográfico como elemento de entrada Cuentos infantiles austríacos
700 12 - ASIENTO SECUNDARIO -- NOMBRE PERSONAL
Nombre personal Schopf, Federico,
Fechas asociadas con el nombre 1940-
Mención de responsabilidad traductor
910 ## - VALIDACIÓN
Validación VMateo V. Control de calidad. BPMSU
942 ## - ADDED ENTRY ELEMENTS (KOHA)
Source of classification or shelving scheme Dewey Decimal Classification
Koha item type Libros
Existencias
Withdrawn status Lost status Source of classification or shelving scheme Damaged status Not for loan Collection code Home library Current library Date acquired Total Checkouts Full call number Barcode Date last seen Price effective from Koha item type
    Dewey Decimal Classification     Colección Infantil General Biblioteca Pública Metropolitana Salomé Ureña Biblioteca Pública Metropolitana Salomé Ureña 05/30/2025   BPMSU CGI 833.91 N898m 1990 BPMSU25050109 05/30/2025 05/30/2025 Libros